| 000 | 00507cam a22001217a 4500 | ||
|---|---|---|---|
| 008 | 180718b1970 xxu||||| |||| 00| 0 eng d | ||
| 082 | _aR143 Ed83 | ||
| 245 |
_aInternational migration of high-level manpower: its impact on the development process _cby Education and World Affairs. Commettee on the International Migration of Talent |
||
| 260 |
_aNew York _bPraeger _c1970 |
||
| 300 | _a738p. | ||
| 650 | _aBrain Drain | ||
| 700 | _aEducation and World Affairs. Committee on the International Migration of Talent | ||
| 999 |
_c347093 _d347093 |
||